000 00417nam a22001697a 4500
003 MPLRDC
005 20220104113522.0
008 210129b ||||| |||| 00| 0 eng d
082 _a848.1 LYT v.18
100 _a林语堂著
245 _a老子的智慧
_c
260 _a
_b金兰文化出版社
_c1984
300 _b
490 _a林语堂经典名著;18
650 _a现代别集
942 _cBK
_o848.1 LYT v.18
999 _c279
_d269